Quizzes
Events
Quiz Creation
Community
Videos
Private Events
Remove Ads
Sign In
Join for FREE
Feedback
Dark Mode
Quiz Categories
Sports
Geography
Music
Movies
Television
Just For Fun
Miscellaneous
History
Literature
Language
Science
Gaming
Entertainment
Religion
Holiday
For Kids
Quiz Lab
Recent
Popular Today
Quiz Kudos Today
Editor Picks
Curator Picks
Quizzes by...
Day
Popularity
Type
Ratings
Length
Year
Community
Subscriptions
Recent Discussions
Orange Saloon
Badges
Playlists
Quests
Create
Leaderboards
Showdown
Live 5
Trivia Bingo
Activity
Puzzle Library
Sporcle Events
Private Events
Virtual Trivia
Globe League
Become a Host
Pub Owners
SporcleCon
Opinionation
Our Games
Videos
Blog
Mobile Apps
Partnerships
Remove Ads and Go Orange
Feedback
Geography
Country
Landmarks
City
State
Population
World
Capital
Continent
Flags
Europe
Africa
Asia
South America
North America
Oceania
Border
Canada
United Kingdom
Topography
United States
Geography
Country
Landmarks
City
State
Population
World
Capital
Continent
Flags
Europe
Africa
Asia
South America
North America
Oceania
Border
Canada
United Kingdom
Topography
United States
Random Quiz
Search Sporcle
×
Quiz Lab
Quiz Lab
Geography
Type in answers that appear in a list
Type in answers that appear in a list
Classic
Best Score? Go Orange.
Countries of the world (in serbian) Stats
Can you name the Countries of the world (on serbian)?
By
Lazarusz
15m
192 Questions
739 Plays
739 Plays
739 Plays
Comments
Comments
Give Quiz Kudos
Give Quiz Kudos
-
- Ratings
hide this ad
Random Order
Randomize order of answers
Randomize order of answers
Replay
Link that replays current quiz
Next Quiz
Link to next quiz in quiz playlist
You Got
0%
They Got
Avg Score
49%
Avg Friend Score
Upgrade to see
Score Distribution
Jump to the score distribution portion of the page
Score
0/192
Timer
15:00
0
Plays Today
Kontinent
% Correct
Evropa
Srbija
89%
Azija/
Evropa
Rusija
86.3%
Azija
Kina
81.9%
Evropa
Hrvatska
81.1%
Evropa
španija
80.1%
Evropa
Portugalija
80.1%
Severna Amerika
Kanada
80%
Evropa
Nemačka
80%
Evropa
Francuska
79.6%
Evropa
Bosna i Hercegovina
78.4%
Evropa
Italija
77.6%
Južna Amerika
Brazil
77.1%
Azija
Japan
77.1%
Evropa
Grčka
77.1%
Evropa
Albanija
77%
Evropa
Slovenija
76.6%
Evropa
Bugarska
76.3%
Evropa
Finska
76.3%
Australija i Okeanija
Australija
76.1%
Evropa
Norveška
75.6%
Evropa
Crna Gora
75%
Severna Amerika
Meksiko
74.7%
Evropa
švedska
74.6%
Evropa
Makedonija
74.3%
Evropa
Rumunija
74.1%
Azija/
Evropa
Turska
74%
Južna Amerika
Argentina
73.7%
Azija
Indija
73.2%
Evropa
Danska
72.8%
Evropa
Irska
72.5%
Evropa
Austrija
72.2%
Evropa
Slovačka
69.8%
Evropa
Poljska
69.5%
Severna Amerika
Sjedinjene Amerčke Države
69.3%
Evropa
Estonija
69.3%
Evropa
Mađarska
68.8%
Afrika/
Azija
Egipat
68.4%
Evropa
Belgija
68.4%
Evropa
Ukrajina
68.2%
Azija
Južna Koreja
67.9%
Evropa
Belorusija
67.8%
Evropa
Češka
67.3%
Azija
Severna Koreja
66.4%
Afrika
Maroko
66.3%
Evropa
Holandija
66.3%
Evropa
švajcarska
66%
Evropa
Litvanija
65.9%
Evropa
Island
65.7%
Evropa
Vatikan
65.6%
Azija
Irak
64.6%
Azija
Iran
64.1%
Južna Amerika
Čile
63.9%
Australija i Okeanija
Novi Zeland
63.9%
Evropa
Ujedinjeno Kraljevstvo Velike Britanije i Severne Irske
63.7%
Azija
Indonezija
63.4%
Evropa
San Marino
63.4%
Evropa
Letonija
63.3%
Evropa
Luksemburg
63.3%
Afrika
Južna Afrika
62.7%
Afrika
Niger
62%
Evropa
Andora
61.2%
Evropa
Moldavija
60.7%
Azija
Pakistan
60.1%
Južna Amerika
Peru
59.9%
Kontinent
% Correct
Južna Amerika
Kolumbija
59.7%
Južna Amerika
Urugvaj
59.6%
Evropa
Malta
59.5%
Afrika
Nigerija
57.7%
Evropa
Monako
56.9%
Azija
Kipar
56.6%
Afrika
Alžir
56.5%
Afrika
Madagaskar
56.5%
Severna Amerika
Kuba
56.5%
Azija
Izrael
55.9%
Azija
Kazahstan
54.3%
Azija
Mongolija
54.1%
Afrika
Libija
52.8%
Južna Amerika
Bolivija
52.5%
Afrika
Tunis
52.1%
Afrika
Etiopija
52%
Južna Amerika
Venecuela
51.4%
Afrika
Mali
51%
Azija
Nepal
51%
Azija
Sirija
50.9%
Južna Amerika
Paragvaj
49.5%
Afrika
Gvineja
49.1%
Azija
Vijetnam
49.1%
Azija
Avganistan
48.8%
Azija
Tajland
48.8%
Azija
Turkmenistan
48.4%
Afrika
Sudan
48.3%
Azija
Tadžikistan
48%
Afrika
Čad
47.9%
Azija
Katar
47.9%
Južna Amerika
Ekvador
47.8%
Azija
Gruzija
47.8%
Evropa
Lihtenštajn
47.8%
Afrika
Somalija
47.5%
Azija
Azerbejdžan
46.8%
Azija
Oman
46.8%
Azija
Jemen
46.7%
Azija
šri Lanka
46.7%
Azija
Saudijska Arabija
46.1%
Azija
Uzbekistan
46.1%
Afrika
Obala Slonovače
45.7%
Severna Amerika
Panama
45.7%
Azija
Filipini
45.4%
Azija
Bangladeš
44.9%
Afrika
Gana
44.6%
Severna Amerika
Honduras
44.2%
Azija
Kirgizija
43.8%
Azija
Jermenija
43.7%
Azija
Ujedinjeni Arapski Emirati
43.5%
Azija
Malezija
43.5%
Azija
Butan
42.9%
Azija
Laos
42.3%
Afrika
Angola
41.9%
Severna Amerika
Jamajka
41.9%
Afrika
Senegal
41.6%
Afrika
Kenija
41.4%
Azija
Jordan
41%
Severna Amerika
Dominika
40%
Azija
Liban
39%
Afrika
Tanzanija
38.5%
Azija
Kambodža
37.6%
Afrika
Zimbabve
37.4%
Severna Amerika
Kostarika
37.4%
Afrika
Demokratska Republika Kongo
37.1%
Kontinent
% Correct
Afrika
Togo
36.6%
Afrika
Centralnoafrička republika
36.6%
Afrika
Zambija
36.6%
Afrika
Lesoto
36.3%
Afrika
Kamerun
36.2%
Azija
Maldivi
36.1%
Južna Amerika
Surinam
35.9%
Australija i Okeanija
Fidži
35.1%
Afrika
Uganda
35.1%
Severna Amerika
Gvatemala
34.8%
Južna Amerika
Gvajana
33.7%
Afrika
Bocvana
33.5%
Azija
Singapur
33.5%
Severna Amerika
Sveta Lucija
33.2%
Severna Amerika
Haiti
32.7%
Australija i Okeanija
Papua Nova Gvineja
32%
Afrika
Ruanda
32%
Afrika
Gabon
31.4%
Azija
Bahrein
31.4%
Afrika
Eritreja
31.3%
Severna Amerika
Barbados
31.3%
Afrika
Mauritanija
31%
Azija
Brunej
31%
Afrika
Sejšeli
30.9%
Azija
Kuvajt
30.6%
Afrika
Republika Kongo
30.5%
Afrika
Mozambik
30.2%
Afrika
Liberija
30.1%
Afrika
Burundi
29.9%
Australija i Okeanija
Mikronezija
29.8%
Afrika
Namibija
29.5%
Afrika
Džibuti
29.4%
Severna Amerika
Dominikanska republika
29%
Afrika
Benin
28.7%
Severna Amerika
Belize
28.7%
Afrika
Ekvatorijalna Gvineja
28.3%
Severna Amerika
Salvador
28.3%
Severna Amerika
Trinidad i Tobago
28.2%
Azija
Mjanmar
28.2%
Australija i Okeanija
Palau
27.9%
Afrika
Gvineja Bisao
27.2%
Afrika
Mauricijus
26.5%
Australija i Okeanija
Maršalska ostrva
26.1%
Afrika
Burkina Faso
26.1%
Afrika
Malavi
26.1%
Afrika
Gambija
25.9%
Australija i Okeanija
Nauru
25.6%
Severna Amerika
Bahami
25%
Australija i Okeanija
Kiribati
24.8%
Australija i Okeanija
Samoa
24.2%
Afrika
Svazilend
24.2%
Severna Amerika
Grenada
24.2%
Azija
Istočni Timor
24.2%
Australija i Okeanija
Tonga
24.1%
Australija i Okeanija
Tuvalu
23.9%
Afrika
Sijera Leone
23.8%
Australija i Okeanija
Vanuatu
22.2%
Afrika
Zelenortska ostrva
21.6%
Afrika
Sao Tome i Principe
21.1%
Severna Amerika
Antigva i Barbuda
20.3%
Afrika
Komori
20.1%
Australija i Okeanija
Solomonova ostrva
19.6%
Severna Amerika
Sveti Kits i Nevis
17%
Severna Amerika
Sveti Vinsent i Grenadini
12.4%
Quiz Playlist
Details
Report
Send in Message
Add To Playlist
Classic:
Type in answers that appear in a list
Random Order:
Randomize order of answers
Quiz Source
Last Updated: Feb 24, 2017
Quiz Scoreboard
CHALLENGE
Sign Up to Join the Scoreboard
Show All
Scores
Hide
Comments
May contain spoilers
Recently Published
An Introduction to Baseball
by treessimontrees
Sports
5m
Movies - When Are They Set?
by FPL_Elf
Movies
5m
Popular People in 1961
by mucciniale
History
6m
More to Explore
Quiz From the Vault
Featured Blog Post
Where Did the Easter Bunny Come From?
hide this ad
You Might Also Like...
Tags
This quiz does not have any tags.
Today's Top Quizzes in Geography
Browse Geography
hide this ad
Top Contributed Quizzes in Geography
1
Countries of the World - No Outlines Minefield
2
Top 25 Cities of France on a map
3
Closest Countries to UK A-Z
4
One Thing in Common: United Kingdom
5
Any capital of a 'B' country per Continent
6
Blind Secret Country CLXXXVIII
7
African Flag Reveal XLV
8
Blind Ultimate Minefield: USA
9
Find the US States - No Outlines
10
One Thing in Common: Asia
Explore More
Trending Topics
Crossword
NBA
Kpop
Marvel
Harry Potter
Disney
Anime
Soccer
Pokémon
NFL
Country
Puzzle
Song
The Office
WWE
hide this ad
More By:
Lazarusz
Quiz
Plays
Rating
Category
Featured
Created
Countries of the world (in serbian)
739
5.00
Geography
Aug 31, 2010
Municipalities of AP Vojvodina(Serbia)
228
4.00
Geography
Aug 31, 2010
Go to Creator's Profile
Score Distribution
Quiz Creator Spotlight
Lazarusz
Follow
Send a Message
Quizzes Created
-
Created Quiz Play Count
-
More By This Creator
Popular Quizzes Today
1
Find the Countries of Europe - No Outlines Minefield
2
Find the US States - No Outlines Minefield
3
The Countries of the World
4
Popular People in 1961
5
US States
6
1-10 Letter E Words III
7
Find the US States
8
One Thing in Common: World Cities II
More Geography Quizzes
Criteria Countries: Asia II
Published
Trending Quizzes
Risky Map Clicking: Least Populous States A-Z
1-10 Letter F Words
1-10 Letter G Words
One Thing in Common: United Kingdom
Risky Map Clicking: Next State Alphabetically
Recently Updated
Leaping Animals
pecheneg
Reality TV Shows (A-Z)
bhenderson79
Rickey Henderson's Hall of Fame Teammates
pecheneg
Champions League XIs: Arsenal
pecheneg
Quick Pick: Celebrities in WWE's Hall of Fame
aduchscher
A-Z Keypad Blitz II
pecheneg
Multiple Oscar Actors
pecheneg
Mystery Phrase Blitz: Oscar 'Best Actors'
pecheneg
F. Scott Fitzgerald Novels
LTH
Pick 3 Villains
ddd62291
Trending Topics
Disney
NBA
Harry Potter
Crossword
Anime
Marvel
Kpop
Soccer
Puzzle
Country
Pokémon
WWE
Song
The Office
NFL
Your Account Isn't Verified!
In order to create a playlist on Sporcle, you need to verify the email address you used during registration. Go to your
Sporcle Settings
to finish the process.
Report this User
Report this user for behavior that violates our
Community Guidelines
.
Details:
Send Report
Go to the Sporcle.com Mobile Site →
Comments